Diaspora-Korea - Statistics

General Stats
  • This quiz has been taken 211 times
  • The average score is 24 of 32
Answer Stats
Number of immigrants Continent Country % Correct
2.548.030 Asia China
99%
2.492.252 North America United States of America
98%
240.942 North America Canada
97%
818.626 Asia Japan
97%
180.004 Oceania Australia
95%
51.531 South America Brazil
93%
169.638 Asia/ Europe Russia
93%
39.934 Europe United Kingdom
93%
23.194 South America Argentina
91%
33.403 Oceania New Zealand
91%
16.251 Europe France
89%
40.170 Europe Germany
89%
11.673 North America Mexico
89%
124.458 Asia Vietnam
88%
10.390 Asia India
85%
31.091 Asia Indonesia
84%
20.500 Asia Thailand
84%
13.122 Asia Malaysia
83%
93.093 Asia the Philippines
81%
6.290 Asia Taiwan
79%
20.346 Asia Singapore
76%
10.852 Asia United Arab Emirates
72%
10.089 Asia Cambodia
64%
5.189 Asia Saudi Arabia
60%
8.147 Europe the Netherlands
56%
109.133 Asia Kazakhstan
53%
181.077 Asia Uzbekistan
45%
5.090 South America Paraguay
41%
19.035 Asia Kyrgyzstan
34%
13.070 Europe Ukraine
28%
7.512 Oceania Micronesia
26%
5.312 North America Guatemala
21%
No matching quizzes found
Score Distribution
Percent of People with Each Score
Percentile by Number Answered
Your Score History
You have not taken this quiz